Santa Fe 2917, Rosario, Santa Fe
Lu-Vi 8 a 19.45
+54-341-4232362
bibliotecaeudoro@gmail.com
Facebook Biblioteca Pedagógica
Sitio web

¿Qué atrapé? / (Registro nro. 32843)

Detalles MARC
000 -CABECERA
campo fijo de control de longitud 00856nam a2200265 4500
001 - NÚMERO DE CONTROL
campo de control 32843
003 - IDENTIFICADOR DEL NÚMERO DE CONTROL
campo de control AR-RoBPED
005 - FECHA Y HORADE LA ULTIMA TRANSACCION
campo de control 20260612082813.0
008 - ELEMENTOS DE LONGITUD FIJA--INFORMACION GENERAL
campo fijo de control de longitud 260610e2025 |||a||| |||| 000 0 spa d
020 ## - ISBN
ISBN 9786316506351
040 ## - FUENTE CATALOGADORA
Centro catalogador/agencia de origen AR-RoBPED
041 ## - IDIOMA
Código de idioma para texto/pista de sonido o título independiente spa
100 ## - ENCABEZAMIENTO PRINCIPAL--AUTOR PERSONAL
Nombre de persona Feito, Luciana
Fechas nac-muerte 1981-
9 (RLIN) 31028
245 1# - TITULO
Título ¿Qué atrapé? /
Mención de responsabilidad Luciana Feito
260 ## - PUBLICACION
Lugar Buenos Aires :
Editor Gerbera,
Fecha 2025.
300 ## - DESCRIPCION FISICA
Extensión s.p.
Otros detalles físicos il. tipografía Open Dyslexic
490 0# - SERIE
Mención de serie (Nube de algodón)
505 ## - NOTA DE CONTENIDO
Contenido La tipografía utilizada en este libro es Open Dyslexic, amigable para lectores con dislexia.
650 #4 - TERMINO DE MATERIA--CONTROLADO
Término controlado LITERATURA INFANTIL
9 (RLIN) 168
Término controlado BEBETECA
9 (RLIN) 27081
Término controlado LITERATURA ARGENTINA
9 (RLIN) 15616
655 #0 - Género/Forma
Término de género/forma RIMAS INFANTILES
9 (RLIN) 31030
942 ## - ELEMENTOS KOHA
Fuente de clasificación Universal Decimal Classification
Número Koha k. 32843
Koha tipo de ítem Libro
Clasificación 860(82)-1
Pre signatura BB
Signatura librística F 34
N° inventario inv. 42532
Existencias
Estado retirado Estado perdido Fuente de clasificación Estado dañado No se presta Biblioteca propietaria Biblioteca de reserva Fecha de adquisición Total de préstamos Signatura topográfica completa Código de barras (nº de inventario) Fecha visto por última vez Catalogador y fecha Tipo de ítem Koha Nota pública
    Universal Decimal Classification     Biblioteca Pedagógica Eudoro Díaz Biblioteca Pedagógica Eudoro Díaz 10/06/2026   BB 860(82)-1 F 34 42532 10/06/2026 mm 10/06/2026 Libro Se presta 15 días.